Jesús Messie et fils de Dieu d'apres Les Evangiles Synoptiques

محفوظ في:
التفاصيل البيبلوغرافية
المؤلف الرئيسي: Lepin, M (مؤلف)
التنسيق: كتاب
اللغة:الفرنسية
منشور في: París Letouzey et Ané 1907
الطبعة:3a. ed
الموضوعات:
الوسوم: إضافة وسم
لا توجد وسوم, كن أول من يضع وسما على هذه التسجيلة!

MARC

LEADER 00000cam a2200000 a 4500
001 UCD3478
003 CL-VaPUC
008 160609e19070000fr |||||||||||||||||fre|d
082 0 4 |a 232.1  |b LEP  |2 21 
100 |a Lepin, M  |e author  |9 586985 
245 1 0 |a Jesús Messie et fils de Dieu d'apres Les Evangiles Synoptiques 
250 |a 3a. ed 
300 |a 430 p 
942 |c BK 
945 |d 20160609 22:21:00  |a dcastane 
260 |a París  |b Letouzey et Ané  |c 1907 
650 0 |a Vida de Jesús  |9 478097 
650 0 |a Cristología   |9 315091 
583 |a last modification  |c 20160609 22:21:00  |k Rodrigo Vera 
999 |c 364514  |d 364512 
952 |0 0  |1 0  |3 erd  |4 0  |6 232_100000000000000_LEP_1907  |7 0  |8 X  |9 477762  |a BIBTEO  |b BIBTEO  |c TEO_FFR  |i 5235197  |o 232.1 LEP 1907  |p 5235197  |r 2024-01-18  |w 2019-11-24  |y BK_X  |z Catalogado en:20160609  |k OFM